Представление документа в формате RUSMARC

ПолеНазваниеЗначение
  Тип записи a
  Библиографический уровень m
001 Контрольный номер admiBOOK00007606
005 Дата корректировки 20140508173913.5
010 Индекс ISBN __
a ISBN 5-85407-004-9
d Цена 30.00
100 Данные общей обработки __
a Данные общей обработки 19020202 |||y0 y0189 ca
101 Язык документа __
a Язык текста rus
105 Кодированные данные (монография) __
a Кодированные данные (монография) zy
200 Заглавие и сведения об ответственности 0_
a Заглавие Приручение страха
210 Выходные данные __
a Место издания М
c Издательство Метафора
d Дата издания 2002
215 Физическое описание __
a Объем 192с.
c Иллюстрации/тип воспроизводства ил.
225 Серия __
a Серия Азбука здравомыслия
606 Тематические рубрики __
a Основная рубрика Психология
x Основная подрубрика Психология личности
x Основная подрубрика Психиатрия
610 Ключевые слова __
a Ключевые слова Психология
a Ключевые слова Психология личности
a Ключевые слова Психиатрия
a Ключевые слова Страх
a Ключевые слова Психология поведения
675 Индекс УДК __
a Индекс УДК 616.89-008.441
686 Индексы других классификаций __
a Классификационный индекс 88.37
a Классификационный индекс 56.14
700 Автор _1
a Фамилия Леви
b Имя В.Л.
852 Данные о местонахождении __
c Местонахождение стеллажа 88.37
c Местонахождение стеллажа 56.14
j Шифр хранения 88
852 Данные о местонахождении __
b Сигла хранения ЧЗ_1
t Номер экземпляра 1
i Авторский знак Л36
p Инвентарный номер 123780
901 Тип документа __
t Тип документа m
911 __
u 952a=Практическое пособие
u 952p=1355
938 Служебная информация __
a Название организации Саранский филиал
b Имя БД OUTPUT.MRC_Саранск
c Название АИБС АИБС Библиотека